000
00310nam a22001457a 4500
008
230921b ||||| |||| 00| 0 eng d
020
_a
9780878937479
041
_a
eng
080
_a
616.8
082
_a
616.8PUR
100
_a
11
101
_a
NEURO
245
_a
NEUROSCIENCE
_c
PURVES.D
942
_2
udc
_c
BK
999
_c
60389
_d
60389